| 000 | 00445nam a2200169 i 4500 | ||
|---|---|---|---|
| 001 | 139838 | ||
| 003 | ES-MaACL | ||
| 005 | 20230906195925.0 | ||
| 007 | t| | ||
| 008 | 070214q1921 gw r ||||1| ger d | ||
| 100 | 1 |
_aSchnitzler, Arthur. _9104593 |
|
| 245 | 1 | 0 |
_aFrau Berta Garlan / _cArthur Schnitzler. |
| 250 | _a77ยช. ed. | ||
| 260 |
_aBerlin : _bS. Fischer, _c[1921?] |
||
| 300 |
_a180 p. : _bil. ; _c18 cm. |
||
| 852 |
_aES-MaACL _jC-4627 |
||
| 999 |
_c139838 _d139838 |
||